支川数が100を超える一級水系 - Statistics

General Stats
  • This quiz has been taken 14 times
  • The average score is 22 of 38
Answer Stats
河口の都道府県 支川数 Answer % Correct
北海道 464 石狩川
92%
山形県 429 最上川
92%
千葉県/茨城県 819 利根川
92%
静岡県 555 富士川
92%
新潟県 880 信濃川
92%
静岡県 332 天竜川
92%
大阪府/兵庫県 965 淀川
92%
宮城県 302 北上川
83%
福島県 197 阿武隈川
83%
東京都 127 荒川
83%
愛知県/三重県 391 木曽川
83%
北海道 209 十勝川
75%
神奈川県 104 相模川
75%
新潟県 243 阿賀野川
75%
和歌山県 181 紀の川
75%
徳島県 356 吉野川
75%
福岡県/佐賀県 235 筑後川
75%
北海道 160 天塩川
67%
富山県 105 神通川
67%
秋田県 168 雄物川
58%
茨城県 197 那珂川
58%
島根県 293 江の川
58%
高知県 166 仁淀川
58%
岡山県 121 高梁川
50%
岡山県 147 旭川
42%
宮崎県 134 大淀川
42%
福井県 147 九頭竜川
33%
兵庫県 130 加古川
33%
高知県 319 渡川
33%
大阪府 178 大和川
25%
三重県/和歌山県 103 新宮川
25%
島根県/鳥取県 227 斐伊川
25%
京都府 138 由良川
17%
岡山県 215 吉井川
17%
愛媛県 475 肱川
17%
宮崎県 102 五ヶ瀬川
17%
鹿児島県 129 川内川
17%
大分県 138 大野川
8%
No matching quizzes found
Score Distribution
Percent of People with Each Score
Percentile by Number Answered
Your Score History
You have not taken this quiz